书目信息 |
| 题名: |
曲线
|
|
| 作者: | 约翰逊 著 ;毛毓球 译 | |
| 分册: | ||
| 出版信息: | 北京 科学出版社 1980 |
|
| 页数: | 74页 | |
| 开本: | 19cm | |
| 丛书名: | 自修数学小丛书 | |
| 单 册: | ||
| 中图分类: | O123.3 | |
| 科图分类: | ||
| 主题词: | 初等数学 , 曲线 | |
| 电子资源: | ||
| ISBN: | ||
| 000 | 00742nam2 2200277 45 | |
| 001 | 0180005342 | |
| 005 | 20060818103802.75 | |
| 010 | @dCNY0.25 | |
| 091 | @a13031.1348 | |
| 100 | @a19950620d1980 kemy0chiy0121 ea | |
| 101 | 1 | @achi@ceng |
| 102 | @aCN@b110000 | |
| 105 | @ay z 000yy | |
| 200 | 10 | @a曲线@Aqu xian@f(英)D·A·约翰逊著@F(ying)D·A·yue han xun zhu@g毛毓球译 |
| 210 | @a北京@c科学出版社@d1980 | |
| 215 | @a74页@d19cm | |
| 225 | 2 | @a自修数学小丛书 |
| 410 | 0 | @120010@a自修数学小丛书 |
| 606 | 0 | @a初等数学 |
| 606 | @a曲线 | |
| 690 | @aO123.3@v3 | |
| 701 | 0 | @a约翰逊@Ayue han xun@4著 |
| 702 | 0 | @a毛毓球@Amao yu qiu@4译 |
| 801 | 2 | @aCN@bNLC@c20060818 |
| 801 | 0 | @aCN@b上海图书馆@c20060818 |
| 905 | @dO123.3@e39 | |
| 曲线/(英)D·A·约翰逊著/毛毓球译.-北京:科学出版社,1980 |
| 74页;19cm.-(自修数学小丛书) |
| ISBN :CNY0.25 |
| ● |
| 相关链接 |
|
|
|
|
正题名:曲线
索取号:O123.3/39
 
预约/预借
| 序号 | 登录号 | 条形码 | 馆藏地/架位号 | 状态 | 备注 |
| 1 | 0035091 | 001242872 | 第三借阅区/ [索取号:O123.3/39] | 在馆 | |
| 2 | 0035092 | 202377187 | 密集书库/ [索取号:O123.3/39] | 在馆 | |
| 3 | 0035093 | 001242863 | 第三借阅区/ [索取号:O123.3/39] | 在馆 | |
| 4 | 0035094 | 202377338 | 密集书库/ [索取号:O123.3/39] | 在馆 | |
| 5 | 0035095 | 202377230 | 密集书库/ [索取号:O123.3/39] | 在馆 | |
| 6 | 0035096 | 202377141 | 密集书库/ [索取号:O123.3/39] | 在馆 | |
| 7 | 0035097 | 001935954 | 第三借阅区/ [索取号:O123.3/39] | 在馆 | |
| 8 | 0035098 | 202377196 | 密集书库/ [索取号:O123.3/39] | 在馆 | |
| 9 | 0035099 | 202377150 | 密集书库/ [索取号:O123.3/39] | 在馆 | |
| 10 | 0035100 | 001242854 | 第二样本阅览室/ [索取号:O123.3/39] | 在馆 | |
| 11 | 0430340 | 204303404 | 密集书库/ [索取号:O123.3/39] | 在馆 | |
| 12 | 0430341 | 204303413 | 密集书库/ [索取号:O123.3/39] | 在馆 | |
| 13 | 0449740 | 204497400 | 密集书库/ [索取号:O123.3/39] | 在馆 | |
| 14 | 0468561 | 204685616 | 密集书库/ [索取号:O123.3/39] | 在馆 | |
| 15 | 0468638 | 204686385 | 密集书库/ [索取号:O123.3/39] | 在馆 |